| 000 | 00635nam a22001817a 4500 | ||
|---|---|---|---|
| 999 |
_c60705 _d60705 |
||
| 005 | 20231011122658.0 | ||
| 008 | 231011s1984 gw ||||| |||| 00| 0 ger d | ||
| 041 | _ager | ||
| 080 | _a069+7 H-57 | ||
| 100 |
_aHeres, Gerald _920019 |
||
| 245 |
_aAntikensammlung 1: _bGriechische und römische Plastik / _cGerald Heres, Max Kunze. |
||
| 264 |
_aBerlin, _c1984. |
||
| 300 |
_a96 p.: _bill.; _c23 cm. |
||
| 653 | _aსიძველეთა კოლექცია | ||
| 653 | _aბერძნული და რომაული ქანდაკება | ||
| 700 |
_aKunze, Max _eავტორი _920042 |
||
| 942 |
_2udc _cBK |
||